Lande ved delvist satellitbillede #1 - Statistics

General Stats
  • This quiz has been taken 64 times
  • The average score is 7 of 15
Answer Stats
Picture Answer % Correct
Italien
94%
Cypern
78%
Tyskland
74%
Frankrig
70%
Tyrkiet
64%
Grækenland
54%
Cuba
52%
Filippinerne
46%
Madagaskar
44%
Indonesien
40%
Rusland
38%
Taiwan
38%
Canada
34%
Irak
14%
Panama
6%
No matching quizzes found
Score Distribution
Percent of People with Each Score
Percentile by Number Answered
Your Score History
You have not taken this quiz